Normal view
MARC view
Entry Personal Name
001 - CONTROL NUMBER
- control field: 17274
003 - CONTROL NUMBER IDENTIFIER
- control field: OSt
005 - DATE AND TIME OF LATEST TRANSACTION
- control field: 20200128095923.0
008 - FIXED-LENGTH DATA ELEMENTS
- fixed length control field: 200128|| aca||aabn | a|a d
040 ## - CATALOGING SOURCE
- Original cataloging agency: OSt
- Transcribing agency: OSt
100 ## - HEADING--PERSONAL NAME
- Personal name: Shakespeare, William
670 ## - SOURCE DATA FOUND
- Source citation: Work cat.: (OSt): Shakespeare, William, No Fear Shakespeare :, 2003.